[Event "ROM-ch U16"]
[Site "Calimanesti Caciulata"]
[Date "2016.04.22"]
[Round "6"]
[White "Popa, Gabriel"]
[Black "Ciorgovean, Iustin"]
[Result "0-1"]
[WhiteElo "1953"]
[BlackElo "2134"]
[PlyCount "86"]
[EventDate "2016.04.18"]
[EventType "swiss"]
[EventRounds "9"]
[EventCountry "ROU"]
[SourceTitle "CBM 172 Extra"]
[Source "ChessBase"]
[SourceDate "2016.06.21"]
[SourceVersion "1"]
[SourceVersionDate "2016.06.21"]
[SourceQuality "1"]

1. e4 e5 2. Nf3 Nc6 3. Bc4 Bc5 4. d3 Nf6 5. Nc3 a6 6. Nd5 h6 7. Be3 Ba7 8. Qd2 d6 9. 0-0 Nxd5 10. exd5 Bxe3 11. Qxe3 Na5 12. Rfe1 0-0 13. Nd2 Qf6 14. b4 Nxc4 15. dxc4 a5 16. c5 axb4 17. cxd6 cxd6 18. Qb6 Bf5 19. Ne4 Bxe4 20. Rxe4 Rac8 21. Qxb7 Rb8 22. Qa7 Rb5 23. Qa4 Rxd5 24. Re2 Qf4 25. g3 Qc4 26. Ree1 Rd4 27. Qb3 f6 28. h4 Qxb3 29. axb3 Ra8 30. Ra4 Rd2 31. Rxb4 Rxc2 32. Rb7 Raa2 33. Rf1 h5 34. b4 d5 35. b5 Rab2 36. b6 d4 37. Ra1 Rxf2 38. Rb8+ Kh7 39. b7 Kg6 40. Rb1 Rg2+ 41. Kf1 Rxb1+ 42. Kxg2 Kf5 43. Kf2 Ke4 0-1

[Event "ROM-ch U16"]
[Site "Calimanesti Caciulata"]
[Date "2016.04.18"]
[Round "1"]
[White "Popa, Gabriel"]
[Black "Cretiu, Codreanu Tudor"]
[Result "1-0"]
[WhiteElo "1953"]
[BlackElo "1497"]
[PlyCount "117"]
[EventDate "2016.04.18"]
[EventType "swiss"]
[EventRounds "9"]
[EventCountry "ROU"]
[SourceTitle "CBM 172 Extra"]
[Source "ChessBase"]
[SourceDate "2016.06.21"]
[SourceVersion "1"]
[SourceVersionDate "2016.06.21"]
[SourceQuality "1"]

1. e4 c5 2. c3 d6 3. d4 Nc6 4. d5 Ne5 5. f4 Ng6 6. Nf3 Nf6 7. f5 Ne5 8. Nxe5 dxe5 9. Bg5 Bd7 10. Bxf6 exf6 11. Nd2 Be7 12. a4 0-0 13. Qb3 Rb8 14. Bb5 a6 15. Bxd7 Qxd7 16. Qb6 Rfc8 17. Nc4 Qd8 18. a5 Qxb6 19. axb6 Rd8 20. g4 Bd6 21. h4 Be7 22. Kd2 Rbc8 23. Kc2 Rb8 24. Rhd1 Bd6 25. Ra5 Rbc8 26. Kb3 Rb8 27. Nxd6 Rxd6 28. Rxc5 Rxb6+ 29. Kc2 Rd6 30. b4 Kf8 31. c4 Ke8 32. Rc7 Rd7 33. Rxd7 Kxd7 34. Kb3 b6 35. Rc1 g6 36. Ka4 b5+ 37. cxb5 axb5+ 38. Ka5 h5 39. fxg6 fxg6 40. gxh5 gxh5 41. Rc6 Ke7 42. Rc7+ Kd8 43. Rf7 Ra8+ 44. Kxb5 Rb8+ 45. Kc5 Rc8+ 46. Kd6 Ke8 47. Rxf6 Rd8+ 48. Kxe5 Rd7 49. Re6+ Kf8 50. b5 Kg7 51. b6 Rf7 52. d6 Kg8 53. Re8+ Kh7 54. Re7 Rxe7+ 55. dxe7 Kg7 56. e8Q Kh6 57. Kf6 Kh7 58. Qg6+ Kh8 59. Qg7# 1-0

[Event "ROM-ch U16"]
[Site "Calimanesti"]
[Date "2015.04.06"]
[Round "9"]
[White "Popa, Gabriel"]
[Black "Dolana, Andrei Theodor"]
[Result "0-1"]
[WhiteElo "1842"]
[BlackElo "2350"]
[PlyCount "72"]
[EventDate "2015.03.30"]
[EventType "swiss"]
[EventRounds "9"]
[EventCountry "ROU"]
[SourceTitle "CBM 165 Extra"]
[Source "ChessBase"]
[SourceDate "2015.04.21"]
[SourceVersion "1"]
[SourceVersionDate "2015.04.21"]
[SourceQuality "1"]

1. e4 c5 2. c3 Nf6 3. e5 Nd5 4. d4 cxd4 5. cxd4 e6 6. a3 d6 7. exd6 Bxd6 8. Nc3 Nxc3 9. bxc3 0-0 10. Nf3 b6 11. Bd3 Bb7 12. 0-0 Qc7 13. Bxh7+ Kxh7 14. Ng5+ Kg8 15. Qh5 Re8 16. Qh7+ Kf8 17. Qh8+ Ke7 18. Qxg7 Kd8 19. h4 Kc8 20. h5 f5 21. Qxc7+ Kxc7 22. Re1 Bd5 23. Bd2 Nc6 24. Nf7 Rg8 25. g3 Rgf8 26. Nxd6 Kxd6 27. Bf4+ Kd7 28. Rac1 Na5 29. h6 Nc4 30. Ra1 Rac8 31. a4 Rh8 32. Kf1 Nd6 33. a5 b5 34. Bxd6 Kxd6 35. Re3 Rxh6 36. Ke2 Rc4 0-1

[Event "ROM-ch U16"]
[Site "Calimanesti"]
[Date "2015.03.31"]
[Round "2"]
[White "Popa, Gabriel"]
[Black "Arsene, Marinel"]
[Result "1/2-1/2"]
[WhiteElo "1842"]
[BlackElo "1682"]
[PlyCount "42"]
[EventDate "2015.03.30"]
[EventType "swiss"]
[EventRounds "9"]
[EventCountry "ROU"]
[SourceTitle "CBM 165 Extra"]
[Source "ChessBase"]
[SourceDate "2015.04.21"]
[SourceVersion "1"]
[SourceVersionDate "2015.04.21"]
[SourceQuality "1"]

1. e4 d5 2. exd5 Qxd5 3. Nc3 Qa5 4. d4 c6 5. Bd2 Qc7 6. Bd3 Nf6 7. h3 e6 8. Nf3 Nbd7 9. 0-0 Bd6 10. Re1 0-0 11. a4 a5 12. Qe2 Re8 13. Ne5 b6 14. f4 Bb7 15. Ne4 Nxe4 16. Bxe4 f6 17. Nd3 Rac8 18. Rac1 h6 19. c3 e5 20. fxe5 fxe5 21. dxe5 Nxe5 1/2-1/2

[Event "ROM-ch U16"]
[Site "Calimanesti"]
[Date "2015.03.30"]
[Round "1"]
[White "Patrascu, Catalin Lucian"]
[Black "Popa, Gabriel"]
[Result "1-0"]
[WhiteElo "2174"]
[BlackElo "1842"]
[PlyCount "79"]
[EventDate "2015.03.30"]
[EventType "swiss"]
[EventRounds "9"]
[EventCountry "ROU"]
[SourceTitle "CBM 165 Extra"]
[Source "ChessBase"]
[SourceDate "2015.04.21"]
[SourceVersion "1"]
[SourceVersionDate "2015.04.21"]
[SourceQuality "1"]

1. e4 e6 2. d4 d5 3. Nd2 c5 4. exd5 exd5 5. Ngf3 Nc6 6. Bb5 Be6 7. 0-0 a6 8. Bxc6+ bxc6 9. Re1 c4 10. Ne5 Qc8 11. Ndf3 Be7 12. Qe2 Ra7 13. b3 cxb3 14. axb3 Nf6 15. Ba3 Bxa3 16. Rxa3 0-0 17. Rea1 Nh5 18. Rxa6 Nf4 19. Qf1 Rc7 20. Nd3 Nxd3 21. Qxd3 Bf5 22. Qc3 c5 23. Ra7 Rxa7 24. Rxa7 cxd4 25. Qxc8 Rxc8 26. Nxd4 g6 27. Nxf5 gxf5 28. Ra2 Rc3 29. Kf1 d4 30. Rb2 d3 31. cxd3 Rxd3 32. b4 Rd6 33. b5 Rb6 34. Ke2 Kf8 35. Kd3 Ke7 36. Kc4 Kd6 37. Ra2 Kd7 38. Ra7+ Kc8 39. Rxf7 Rg6 40. g3 1-0

[Event "ROM-chT2"]
[Site "Calimanesti"]
[Date "2014.11.16"]
[Round "9.6"]
[White "Popa, Gabriel"]
[Black "Cosmulescu, Alexandru Paul"]
[Result "1-0"]
[WhiteElo "1758"]
[BlackElo "1973"]
[PlyCount "65"]
[EventDate "2014.11.08"]
[EventType "team-tourn"]
[EventRounds "9"]
[EventCountry "ROU"]
[SourceTitle "CBM 163 Extra"]
[Source "ChessBase"]
[SourceDate "2014.12.23"]
[SourceVersion "1"]
[SourceVersionDate "2014.12.23"]
[SourceQuality "1"]
[WhiteTeam "Galati Diana"]
[BlackTeam "Moreni Petrom"]
[WhiteTeamCountry "ROU"]
[BlackTeamCountry "ROU"]

1. e4 c6 2. d4 d5 3. e5 Bf5 4. Bd3 Bxd3 5. Qxd3 e6 6. Ne2 c5 7. c3 Nc6 8. 0-0 Qb6 9. Na3 h5 10. Nc2 Nge7 11. b4 cxb4 12. cxb4 Nf5 13. a3 Be7 14. f4 Rc8 15. Bb2 a5 16. b5 Nb8 17. a4 Nd7 18. Rac1 Qd8 19. Ne3 Nxe3 20. Qxe3 Nb6 21. f5 Rxc1 22. Bxc1 exf5 23. Rxf5 g6 24. Rf1 Rh7 25. e6 f5 26. Qg3 Rg7 27. Rxf5 Bf6 28. Rf1 Nc4 29. Bh6 h4 30. Qf4 Rh7 31. Bg5 Be7 32. Bxe7 Qxe7 33. Qb8+ 1-0

[Event "ROM-chT2"]
[Site "Calimanesti"]
[Date "2014.11.14"]
[Round "7.6"]
[White "Popa, Gabriel"]
[Black "Vasile, Teodora"]
[Result "1-0"]
[WhiteElo "1758"]
[BlackElo "1950"]
[PlyCount "95"]
[EventDate "2014.11.08"]
[EventType "team-tourn"]
[EventRounds "9"]
[EventCountry "ROU"]
[SourceTitle "CBM 163 Extra"]
[Source "ChessBase"]
[SourceDate "2014.12.23"]
[SourceVersion "1"]
[SourceVersionDate "2014.12.23"]
[SourceQuality "1"]
[WhiteTeam "Galati Diana"]
[BlackTeam "Otopeni"]
[WhiteTeamCountry "ROU"]
[BlackTeamCountry "ROU"]

1. e4 c6 2. d4 d5 3. e5 Bf5 4. Bd3 Bxd3 5. Qxd3 Qa5+ 6. c3 e6 7. Ne2 Qa6 8. Qd1 c5 9. 0-0 Ne7 10. Nd2 Nbc6 11. Nb3 Ng6 12. a3 c4 13. Nd2 b5 14. f4 Nge7 15. Ng3 g6 16. Nf3 h5 17. Nh4 Qb7 18. Bd2 Ng8 19. Qc2 Qe7 20. Nf3 h4 21. Nh1 Nh6 22. Nf2 Nf5 23. Ng4 Bg7 24. Ne3 Qd7 25. Qd1 Nce7 26. Ne1 Nxe3 27. Bxe3 Nf5 28. Qd2 Qe7 29. Nc2 Ng3 30. Rf3 Ne4 31. Qe2 Kd7 32. Bd2 a6 33. Re3 Bh6 34. Rxe4 dxe4 35. Qxe4 Kc7 36. Nb4 Qd7 37. d5 exd5 38. Nxd5+ Kd8 39. Nb6 Qa7 40. Qxa8+ Qxa8 41. Nxa8 Kd7 42. Nb6+ Kc6 43. Be3 Rd8 44. Re1 Rd3 45. g3 h3 46. Kf2 Bf8 47. Nc8 a5 48. Na7+ 1-0

[Event "ROM-chT2"]
[Site "Calimanesti"]
[Date "2014.11.11"]
[Round "4.6"]
[White "Cimpean, Andra"]
[Black "Popa, Gabriel"]
[Result "1-0"]
[WhiteElo "1927"]
[BlackElo "1758"]
[PlyCount "85"]
[EventDate "2014.11.08"]
[EventType "team-tourn"]
[EventRounds "9"]
[EventCountry "ROU"]
[SourceTitle "CBM 163 Extra"]
[Source "ChessBase"]
[SourceDate "2014.12.23"]
[SourceVersion "1"]
[SourceVersionDate "2014.12.23"]
[SourceQuality "1"]
[WhiteTeam "Satu Mare Apollo"]
[BlackTeam "Galati Diana"]
[WhiteTeamCountry "ROU"]
[BlackTeamCountry "ROU"]

1. e4 d5 2. exd5 Qxd5 3. Nc3 Qd6 4. d4 e6 5. Nf3 c6 6. Bc4 Nf6 7. Ne5 Qc7 8. Bf4 Bd6 9. 0-0 0-0 10. Re1 a6 11. Qe2 b5 12. Bd3 Nbd7 13. Bg5 Be7 14. Nxd7 Qxd7 15. Ne4 Nxe4 16. Bxe7 Qxe7 17. Qxe4 g6 18. Qxc6 Bb7 19. Qc3 Qh4 20. Bf1 Rac8 21. Qd2 Rfd8 22. c3 Rd5 23. g3 Qf6 24. Bg2 Rd7 25. Bxb7 Rxb7 26. a3 Rd7 27. Qe2 Rd5 28. Rac1 Rf5 29. Rcd1 Rd8 30. Rd2 h5 31. a4 Rc8 32. axb5 axb5 33. d5 exd5 34. Qxb5 Rd8 35. Re8+ Rxe8 36. Qxe8+ Kg7 37. Qe3 Qa6 38. Qd4+ Kh7 39. Kg2 Qb7 40. b4 Qc6 41. Ra2 Qb5 42. Ra8 f6 43. Qa7+ 1-0

[Event "ROM-ch U14"]
[Site "Calimanesti"]
[Date "2014.04.09"]
[Round "5"]
[White "Popa, Gabriel"]
[Black "Hriscu, Alexandru Gabriel"]
[Result "1-0"]
[WhiteElo "1742"]
[BlackElo "1581"]
[PlyCount "145"]
[EventDate "2014.04.06"]
[EventType "swiss"]
[EventRounds "9"]
[EventCountry "ROU"]
[SourceTitle "CBM 160 Extra"]
[Source "ChessBase"]
[SourceDate "2014.07.01"]
[SourceVersion "1"]
[SourceVersionDate "2014.07.01"]
[SourceQuality "1"]

1. e4 c5 2. c3 Nf6 3. e5 Nd5 4. Nf3 Nc6 5. d4 cxd4 6. cxd4 d6 7. exd6 e6 8. Nc3 Qxd6 9. Bc4 Nb6 10. Bb3 Be7 11. 0-0 0-0 12. Re1 Bf6 13. Be3 Nd5 14. Bxd5 exd5 15. Nb5 Qd8 16. Bf4 Bg4 17. Be5 a6 18. Nc3 Bxf3 19. Qxf3 Nxd4 20. Bxd4 Bxd4 21. Nxd5 Qb8 22. Qg4 Qa7 23. Re2 g6 24. Rd1 Bg7 25. Qd7 b5 26. Qxa7 Rxa7 27. g3 h6 28. b3 Kh7 29. Re7 Rxe7 30. Nxe7 Re8 31. Rd7 Bf6 32. Nd5 Kg7 33. Nc7 Re2 34. Kf1 Re7 35. Rxe7 Bxe7 36. Nxa6 Bd6 37. Ke2 Kf6 38. Kd3 Ke5 39. f3 Kd5 40. Kc3 Be5+ 41. Kb4 Kc6 42. a4 Bd6+ 43. Ka5 bxa4 44. Kxa4 h5 45. Nb4+ Kb7 46. Kb5 h4 47. f4 g5 48. Nd3 f6 49. Kc4 Kc6 50. gxh4 gxh4 51. h3 Bc7 52. Kd4 Kd6 53. Ke4 Ke6 54. f5+ Kd6 55. Nf4 Kc6 56. Ng6 Bg3 57. Kf3 Kc5 58. Kg4 Kb4 59. Nxh4 Be1 60. Nf3 Bf2 61. h4 Be3 62. Kh5 Kxb3 63. Kg6 Kc4 64. Kxf6 Kd5 65. Kg6 Kd6 66. h5 Ke7 67. h6 Bxh6 68. Kxh6 Kf6 69. Nd4 Kf7 70. Kg5 Kg7 71. Nc6 Kf7 72. f6 Kf8 73. Kg6 1-0

[Event "ROM-chT2"]
[Site "Olanesti"]
[Date "2013.10.19"]
[Round "8.6"]
[White "Dragu, Ion"]
[Black "Popa, Gabriel"]
[Result "0-1"]
[WhiteElo "1349"]
[BlackElo "1740"]
[PlyCount "96"]
[EventDate "2013.10.12"]
[EventType "team-tourn"]
[EventRounds "9"]
[EventCountry "ROU"]
[SourceTitle "EXT 2014"]
[Source "ChessBase"]
[SourceDate "2013.11.20"]
[SourceVersion "1"]
[SourceVersionDate "2013.11.20"]
[SourceQuality "1"]
[WhiteTeam "Ramnicu Valcea"]
[BlackTeam "Galati Diana"]
[WhiteTeamCountry "ROU"]
[BlackTeamCountry "ROU"]

1. c4 c5 2. Nc3 Nc6 3. g3 Nf6 4. Bg2 e6 5. Nf3 d6 6. 0-0 Be7 7. Rb1 0-0 8. a3 d5 9. d4 dxc4 10. e3 a6 11. Qd2 Qc7 12. Qc2 cxd4 13. exd4 Rd8 14. Rd1 b5 15. Bf4 Bd6 16. Ne5 Bb7 17. Ne4 Nxe4 18. Bxe4 Bxe5 19. dxe5 Nd4 20. Rxd4 Rxd4 21. Re1 Bxe4 22. Rxe4 Rd3 23. Qe2 Qc6 24. Bg5 Qd5 25. Qg4 Rd1+ 26. Kg2 Qd3 27. Re2 Qf5 28. Qh4 Rd3 29. f4 Rd1 30. Kf2 Qd3 31. Qg4 Qd4+ 32. Kg2 Rd2 33. Rxd2 Qxd2+ 34. Kh3 Qd3 35. Kg2 Qc2+ 36. Kg1 Qc1+ 37. Kg2 Qxb2+ 38. Kg1 Qb1+ 39. Kg2 Qf5 40. Qf3 Rb8 41. Be7 Qd3 42. Qf2 c3 43. Qa7 Qd5+ 44. Kh3 Ra8 45. Qf2 Rc8 46. Qe2 c2 47. Qg4 Qe4 48. Bf6 Qg6 0-1

[Event "ROM-ch U14"]
[Site "Calimanesti"]
[Date "2013.04.08"]
[Round "9"]
[White "Popa, Gabriel"]
[Black "Moldovan, Rares"]
[Result "1-0"]
[WhiteElo "1672"]
[BlackElo "1839"]
[PlyCount "53"]
[EventDate "2013.04.02"]
[EventType "swiss"]
[EventRounds "9"]
[EventCountry "ROU"]
[SourceTitle "CBM 153 Extra"]
[Source "ChessBase"]
[SourceDate "2013.04.22"]
[SourceVersion "1"]
[SourceVersionDate "2013.04.22"]
[SourceQuality "1"]

1. e4 c5 2. c3 e5 3. Nf3 Nc6 4. d4 d6 5. d5 Nb8 6. Be3 g6 7. Qc2 Bg7 8. Bb5+ Nd7 9. Nbd2 a6 10. Bd3 Ne7 11. b4 b6 12. Nc4 Qc7 13. a4 0-0 14. bxc5 bxc5 15. 0-0 f5 16. Bg5 Nf6 17. Bxf6 Bxf6 18. Nfd2 f4 19. Rab1 g5 20. f3 h5 21. Qb3 Rd8 22. Qb6 Qd7 23. Nb3 g4 24. Nxc5 Qe8 25. Nxd6 Qf8 26. Nxc8 Rdxc8 27. Nd7 1-0

[Event "ROM-ch U14"]
[Site "Calimanesti"]
[Date "2013.04.06"]
[Round "7"]
[White "Popa, Gabriel"]
[Black "Flueras, Robert Lucian"]
[Result "1-0"]
[WhiteElo "1672"]
[BlackElo "1198"]
[PlyCount "57"]
[EventDate "2013.04.02"]
[EventType "swiss"]
[EventRounds "9"]
[EventCountry "ROU"]
[SourceTitle "CBM 153 Extra"]
[Source "ChessBase"]
[SourceDate "2013.04.22"]
[SourceVersion "1"]
[SourceVersionDate "2013.04.22"]
[SourceQuality "1"]

1. e4 c5 2. c3 d5 3. exd5 Qxd5 4. Nf3 Nf6 5. d4 e6 6. Be2 Be7 7. 0-0 0-0 8. Be3 b6 9. Ne5 Qd6 10. Bf3 Nd5 11. c4 Nc7 12. Bxa8 Nxa8 13. Nf3 Rd8 14. Nc3 Bb7 15. dxc5 Qc7 16. cxb6 Nxb6 17. Bxb6 Qxb6 18. Qb3 Bxf3 19. Qxb6 axb6 20. gxf3 Nc6 21. Rfd1 Rxd1+ 22. Rxd1 Ne5 23. Kg2 Nxc4 24. Rd7 Kf8 25. b3 Ne5 26. Rb7 Bc5 27. Na4 Nd3 28. Nxb6 Nxf2 29. Nd7+ 1-0

[Event "ROM-ch U14"]
[Site "Calimanesti"]
[Date "2013.04.05"]
[Round "5"]
[White "Popa, Gabriel"]
[Black "Samfirescu, Andrei Alexandru"]
[Result "1-0"]
[WhiteElo "1672"]
[BlackElo "1531"]
[PlyCount "45"]
[EventDate "2013.04.02"]
[EventType "swiss"]
[EventRounds "9"]
[EventCountry "ROU"]
[SourceTitle "CBM 153 Extra"]
[Source "ChessBase"]
[SourceDate "2013.04.22"]
[SourceVersion "1"]
[SourceVersionDate "2013.04.22"]
[SourceQuality "1"]

1. e4 e5 2. Nf3 Nc6 3. Bc4 Bc5 4. c3 Nf6 5. d4 exd4 6. e5 Ng4 7. cxd4 Bb4+ 8. Nc3 d5 9. Bb3 Be6 10. 0-0 Qe7 11. a3 Ba5 12. Ng5 Bxc3 13. bxc3 Nh6 14. Nxe6 Qxe6 15. c4 dxc4 16. d5 Qg4 17. dxc6 cxb3 18. cxb7 Rb8 19. Qxb3 Qe4 20. Bxh6 gxh6 21. Rab1 Rg8 22. g3 h5 23. Rfe1 1-0

[Event "ROM-ch U14"]
[Site "Calimanesti"]
[Date "2013.04.03"]
[Round "3"]
[White "Gherghel Butan, Mircea"]
[Black "Popa, Gabriel"]
[Result "1/2-1/2"]
[WhiteElo "1311"]
[BlackElo "1672"]
[PlyCount "140"]
[EventDate "2013.04.02"]
[EventType "swiss"]
[EventRounds "9"]
[EventCountry "ROU"]
[SourceTitle "CBM 153 Extra"]
[Source "ChessBase"]
[SourceDate "2013.04.22"]
[SourceVersion "1"]
[SourceVersionDate "2013.04.22"]
[SourceQuality "1"]

1. d4 e6 2. c4 d5 3. Nc3 Nf6 4. Bg5 Be7 5. Nf3 dxc4 6. e3 Nbd7 7. Bxc4 Nb6 8. Bd3 h6 9. Bh4 Nfd5 10. Bxe7 Qxe7 11. Nxd5 exd5 12. h3 0-0 13. 0-0 c6 14. Qd2 Qf6 15. Qe2 Re8 16. Rac1 Bd7 17. Ne5 Rxe5 18. dxe5 Qxe5 19. Rfd1 Re8 20. Rc2 Qg5 21. Qf3 Bc8 22. b3 Nd7 23. Bf1 Ne5 24. Qf4 Qxf4 25. exf4 Ng6 26. g3 Bf5 27. Rcc1 h5 28. Re1 Rd8 29. h4 d4 30. Rcd1 c5 31. Rd2 a5 32. a4 b6 33. Bc4 Nf8 34. Bd3 Bxd3 35. Rxd3 Nd7 36. Kf1 Nf6 37. f3 Nd5 38. Red1 Nb4 39. R3d2 Kf8 40. Kf2 Ke7 41. Re2+ Kd6 42. g4 hxg4 43. fxg4 Nd5 44. Ree1 Nxf4 45. Kg3 Nd5 46. Rd2 f6 47. h5 Kd7 48. Kf3 Rf8 49. Rf1 Re8 50. Re2 Rxe2 51. Kxe2 Kd6 52. Kd3 Ne3 53. Rg1 Ke5 54. g5 fxg5 55. Rxg5+ Nf5 56. Rg6 Kd5 57. Rxb6 Ng3 58. Rg6 Nf5 59. Ra6 Ng3 60. Rxa5 Nxh5 61. Ra6 Nf4+ 62. Kd2 Ne6 63. Ra8 g5 64. Rg8 c4 65. bxc4+ Kxc4 66. Rg6 Nc5 67. a5 Nb3+ 68. Kd1 Nxa5 69. Rxg5 Nb3 70. Rg4 Kc3 1/2-1/2

[Event "ROM-ch sf"]
[Site "Baile Tusnad"]
[Date "1999.??.??"]
[Round "7"]
[White "Popa, Gabriel"]
[Black "Cioara, Andrei Nestor"]
[Result "0-1"]
[WhiteElo "2072"]
[BlackElo "2423"]
[PlyCount "116"]
[EventDate "1999.09.??"]
[EventType "swiss"]
[EventRounds "9"]
[EventCountry "ROU"]
[SourceTitle "EXT 2000"]
[Source "ChessBase"]
[SourceDate "1999.11.16"]
[SourceVersion "1"]
[SourceVersionDate "1999.11.16"]
[SourceQuality "1"]

1. e4 g6 2. g3 Bg7 3. Bg2 d6 4. d4 Nf6 5. Nc3 0-0 6. Nge2 e5 7. dxe5 dxe5 8. Qxd8 Rxd8 9. Bg5 c6 10. Rd1 Rxd1+ 11. Nxd1 Be6 12. Nec3 Nbd7 13. Ne3 h6 14. Bxf6 Bxf6 15. 0-0 Be7 16. Rd1 Nc5 17. Bf3 h5 18. a4 a5 19. Be2 Kf8 20. Bc4 Ke8 21. Bxe6 Nxe6 22. Nc4 f6 23. Nd6+ Bxd6 24. Rxd6 Ke7 25. Rd2 Nd4 26. Kg2 b5 27. axb5 cxb5 28. Nd5+ Kf7 29. c3 Nb3 30. Rd1 Nc5 31. f3 Ra7 32. Kf2 a4 33. Ke3 Nb3 34. Kd3 Ke6 35. c4 Nd4 36. cxb5 Nxb5 37. Ra1 Nd4 38. Nc3 Nxf3 39. Nxa4 Kd6 40. h4 f5 41. Ke3 Nd4 42. Kd3 Nb3 43. Ra3 Rxa4 44. Rxb3 Rd4+ 45. Kc2 fxe4 46. Re3 Kd5 47. b3 Rb4 48. Rc3 Rb6 49. Kd2 Ra6 50. Rc8 Ra2+ 51. Ke3 Rg2 52. Rd8+ Ke6 53. Kxe4 Rxg3 54. Re8+ Kf6 55. Rxe5 Rxb3 56. Ra5 Rb4+ 57. Kf3 Rxh4 58. Kg3 Rg4+ 0-1

[Event "Deva tt"]
[Site "Deva"]
[Date "1998.??.??"]
[Round "1"]
[White "Popa, Gabriel"]
[Black "Hegedus, Istvan"]
[Result "1-0"]
[WhiteElo "2100"]
[BlackElo "2105"]
[PlyCount "49"]
[EventDate "1998.07.??"]
[EventType "team"]
[EventRounds "9"]
[EventCountry "ROU"]
[SourceTitle "EXT 2004"]
[Source "ChessBase"]
[SourceDate "2003.11.25"]
[SourceVersion "1"]
[SourceVersionDate "2003.11.25"]
[SourceQuality "1"]

1. e4 c5 2. Nc3 e6 3. Nf3 a6 4. d4 cxd4 5. Nxd4 Qc7 6. a3 Nf6 7. Bg5 Be7 8. Be2 d6 9. 0-0 Nbd7 10. f4 b5 11. Bf3 Bb7 12. Kh1 0-0 13. Qe1 Rfe8 14. Rd1 Rac8 15. e5 dxe5 16. fxe5 Nd5 17. Bxd5 Bxg5 18. Bxb7 Qxb7 19. Qg3 Bh6 20. Nf3 Rc4 21. Ng5 Bxg5 22. Qxg5 Rc5 23. Ne4 Qxe4 24. Rxd7 Rf8 25. Rdxf7 1-0